000
00334 a2200109 4500
001
ART_12384
005
20260410161905.0
008
260409a
245
1
0
_a
A reply to Professors Maasoumi and Phillips
100
1
_a
Hendry, David F.
773
0
_t
Journal of econometrics
_g
- Vol. 19, NÂș 2/3 (ago. 1982)
_w
REV11720
999
_c
26313
_d
26313